| 000 | 00710nam a2200253#a 4500 | ||
|---|---|---|---|
| 001 | 00689 | ||
| 003 | HDC | ||
| 007 | ta | ||
| 008 | 230623s2007 xx 000 0 eng d | ||
| 020 | _a9780731406494 (pbk.). | ||
| 040 | _aHDC | ||
| 050 |
_aHF 5726 _b.E85 2007 |
||
| 100 | _aEunson, Baden | ||
| 245 | 0 |
_aBusiness Writing / _cBaden Eunson. |
|
| 264 |
_aMilton, Qld. : _bJohn Wiley & Sons Australia, _c2007 |
||
| 300 |
_axii, 170p. : _b ill. ; _c 23cm. |
||
| 440 | _aWiley business tools series | ||
| 500 | _aIncludes bibliographical references and index | ||
| 650 |
_aCommercial correspondence _xHandbooks, manuals, etc. |
||
| 942 | _2lcc | ||
| 942 | _cBK | ||
| 942 | _kHF 5726 | ||
| 942 | _m.E85 2007 | ||
| 999 |
_c22304 _d22304 |
||